000 00299nam a22001337a 4500
008 170127b xxu||||| |||| 00| 0 eng d
020 _a9780923521301
041 _aeng
080 _23RD
_a61
100 _a3
101 _aSHM
245 _aFITNESS AND SPORTS MEDICINE
_cNIEMAN, D.C
942 _2udc
_cBK
999 _c3838
_d3838